|
|
|
|
| LEADER |
00816cam a2200229 7i4500 |
| 001 |
0000075487 |
| 005 |
20230301090000.0 |
| 020 |
|
|
|a 9780470030691
|
| 090 |
0 |
0 |
|a HG3368.A6
|b A98 2007
|
| 100 |
1 |
|
|a Ayub, Muhammad
|
| 245 |
1 |
0 |
|a Understanding Islamic finance
|c Muhammad Ayub.
|
| 264 |
|
|
|a Hoboken, New Jersey:
|b John Wiley & Sons,
|c 2007.
|
| 300 |
|
|
|a xxvi, 516 pages:
|b illustrations;
|c 25 cm.
|
| 336 |
|
|
|a text
|2 rdacontent
|
| 337 |
|
|
|a unmediated
|2 rdamedia
|
| 338 |
|
|
|a volume
|2 rdacarrier
|
| 504 |
|
|
|a Includes bibliographical references and index
|
| 650 |
|
0 |
|a Finance --
|z Islamic countries
|
| 650 |
|
0 |
|a Finance --
|x Religious aspects --
|x Islam
|
| 650 |
|
0 |
|a Economics --
|x Religious aspects --
|x Islam
|
| 997 |
|
|
|a Business & Accountancy, Faculty
|
| 999 |
|
|
|a 0000069964
|b BOK
|c OPEN SHELF
|e 1st Floor, Shah Alam
|